Central Library OPAC University of Rajshahi

রবীন্দ্রনাথের স্ফুলিঙ্গ / (Record no. 40932)

MARC details
000 -LEADER
fixed length control field 00893nam a2200229 a 4500
001 - CONTROL NUMBER
control field 40932
003 - CONTROL NUMBER IDENTIFIER
rucl marc code BD-RjUL
005 - DATE AND TIME OF LATEST TRANSACTION
control field 20211209053311.0
008 - FIXED-LENGTH DATA ELEMENTS--GENERAL INFORMATION
fixed length control field 160512s1995 ii ||||| |||| 00| 0 ben d
020 ## - INTERNATIONAL STANDARD BOOK NUMBER
Terms of availability : IRs 50.00
035 ## - SYSTEM CONTROL NUMBER
System control number (BD-RjUL)41048
040 ## - CATALOGING SOURCE
Original cataloging agency BD-RjUL
Language of cataloging ben
Transcribing agency BD-RjUL
041 ## - LANGUAGE CODE
Language code of text/sound track or separate title ben
082 ## - DEWEY DECIMAL CLASSIFICATION NUMBER
Edition number 23
Classification number 891.44109
Author mark and year ROR 1995
100 ## - MAIN ENTRY--PERSONAL NAME
Personal name রায়, গোপালচন্দ্র
9 (RLIN) 125999
245 10 - TITLE STATEMENT
Title রবীন্দ্রনাথের স্ফুলিঙ্গ /
Statement of responsibility, etc. গোপালচন্দ্র রায়
260 ## - PUBLICATION, DISTRIBUTION, ETC. (IMPRINT)
Place of publication, distribution, etc. কলিকাতা :
Name of publisher, distributor, etc. পুস্তক বিপণি,
Date of publication, distribution, etc. ১৯৯৫
300 ## - PHYSICAL DESCRIPTION
Pagination ১৭৮ পৃ. ;
Size ২১ সেমি.
650 ## - SUBJECT ADDED ENTRY--TOPICAL TERM
Topical term or geographic name as entry element বাংলা কবিতা
General subdivision ইতিহাস ও সমালোচনা
9 (RLIN) 126000
Topical term or geographic name as entry element Bengali Poetry
General subdivision History & Criticism
9 (RLIN) 121573
942 ## - ADDED ENTRY ELEMENTS (KOHA)
Source of classification or shelving scheme Dewey Decimal Classification
Koha item type Books
Holdings
Lost status Source of classification or shelving scheme Damaged status Not for loan Collection code Permanent Location Current Location Shelving location Date acquired Source of acquisition Cost, normal purchase price Total Checkouts Full call number Date last seen Copy number Koha item type
  Dewey Decimal Classification     Non-fiction Central Library, University of Rajshahi Central Library, University of Rajshahi   28/05/2007 Dhaka : Paragon Enterprise 50.00   B 891.44109 ROR 1995 12/05/2016 C-2 Books
  Dewey Decimal Classification   Not For Loan Non-fiction Central Library, University of Rajshahi Central Library, University of Rajshahi Reading Room 28/05/2007 Paragon Enterprises Dhaka 50.00   B 891.44109 ROR 1995 30/01/2017 C-1 Books